Statistics for 黑龙江沿岸城市

Click here to take the quiz!

General Stats

  • This quiz has been taken 189 times
  • The average score is 5 of 12

Answers on the Map

Answers color-coded by a green-red scale on the quiz's map according to % correct below.
 

Answer Stats

Answer% Correct
黑河
67%
呼伦贝尔
60%
海兰泡
56%
抚远
52%
伯力
50%
共青城
50%
庙街
50%
同江
40%
乔巴山
33%
温都尔汗
30%
扎赉诺尔
27%
巴嘎诺尔
18%

Score Distribution

Percentile by Number Answered

Percent of People with Each Score

Your Score History

You have not taken this quiz